| 000 | 00482nam a2200133Ia 4500 | ||
|---|---|---|---|
| 008 | 260210s9999 xx 000 0 und d | ||
| 024 | _a15B-42-EL, 15B-46-EL, 15B-63-EL, 15B-63-EL & 15B-99-EL | ||
| 082 | _a621.01072 GHA | ||
| 100 | _aGhazala Khan, Hamna Khalid, Noman Hussain & Muhammad Ashar | ||
| 245 | 0 | _aAntenna Positoning System hrough Android | |
| 260 |
_aKarachi: _bUITU, _c2015 |
||
| 600 | _aTelecommunication Engineering | ||
| 650 | _aBachelor of Engineering (BE) | ||
| 999 |
_c33594 _d33594 |
||